| Tag |
First Indicator |
Second Indicator |
Subfields |
| LEADER |
00000cam a22000008a 4500 |
| 001 |
in00000085638 |
| 005 |
20151008053235.0 |
| 008 |
820325s1982 wb a b 00010 eng |
| 010 |
|
|
|a 82005506
|
| 020 |
|
|
|a 0387114912 (U.S.)
|
| 035 |
|
|
|a (OCoLC)08387317
|
| 035 |
|
|
|9 AAH6781AM
|
| 039 |
0 |
|
|a 2
|b 3
|c 3
|d 3
|e 3
|
| 040 |
|
|
|a DLC
|c DLC
|d TXA
|d UtOrBLW
|
| 049 |
|
|
|a TXAM
|c [1805591]
|
| 050 |
0 |
0 |
|a QD462
|b E65
|
| 082 |
0 |
|
|a 541.2/24
|2 19
|
| 100 |
1 |
|
|a Epiotis, N. D.,
|d 1944-
|
| 245 |
1 |
0 |
|a Unified valence bond theory of electronic structure /
|c N.D. Epiotis with J.R. Larson and H.L. Eaton.
|
| 263 |
|
|
|a 8205
|
| 264 |
|
1 |
|a Berlin ;
|a New York :
|b Springer-Verlag,
|c 1982.
|
| 300 |
|
|
|a viii, 305 pages :
|b illustrations ;
|c 24 cm.
|
| 336 |
|
|
|a text
|b txt
|2 rdacontent
|
| 337 |
|
|
|a unmediated
|b n
|2 rdamedia
|
| 338 |
|
|
|a volume
|b nc
|2 rdacarrier
|
| 490 |
1 |
|
|a Lecture notes in chemistry ;
|v 29
|
| 504 |
|
|
|a Includes bibliographical references.
|
| 650 |
|
0 |
|a Molecular orbitals.
|
| 650 |
|
0 |
|a Valence (Theoretical chemistry)
|
| 700 |
1 |
|
|a Larson, J. R.
|q (James R.),
|d 1950-
|
| 700 |
1 |
|
|a Eaton, H. L.
|q (Hugh L.),
|d 1955-
|
| 830 |
|
0 |
|a Lecture notes in chemistry ;
|v 29.
|
| 999 |
|
|
|a MARS
|
| 999 |
f |
f |
|s 38a05aed-eabf-3f67-b6c3-e58f4c763767
|i f87e9ecc-9d88-3300-aff8-76bafcc4c465
|t 0
|
| 952 |
f |
f |
|p ric
|a Texas A&M University
|b Rellis Campus
|c Joint Library Facility
|d Remote Storage
|t 0
|e QD462 E65
|h Library of Congress classification
|i unmediated -- volume
|m A14806048540
|
| 998 |
f |
f |
|a QD462 E65
|t 0
|l Remote Storage
|